Deep-sea biodiversity : (رقم التسجيلة. 21407)

تفاصيل مارك
000 -الفاتح
حقل البيانات ثابتة الطول 02705cam a2200337 a 4500
001 - رقم الضبط
رقم الضبط 15802155
003 - محدد رقم الضبط
رقم الضبط OSt
005 - وقت وتاريخ اخر تعامل مع التسجيلة
رقم الضبط 20150408114013.0
008 - عناصر البيانات ثابتة الطول - معلومات عامة
حقل البيانات ثابتة الطول 090702s2010 mauabf b 001 0 eng
010 ## - رقم ضبط مكتبة الكونجرس
رقم ضبط مكتبة الكونجرس 2009024415
015 ## - رقم الببليوجرافية الوطنية
رقم الببليوجرافية الوطنية GBA9B1067
المصدر bnb
016 7# - رقم ضبط الوكاله الوطنية للضبط الببليوجرافي
رقم ضبط التسجيلة 015421384
المصدر Uk
020 ## - الرقم الدولى المعيارى للكتب
الرقم الدولى المعيارى للكتاب 0674036077 (alk. paper)
020 ## - الرقم الدولى المعيارى للكتب
الرقم الدولى المعيارى للكتاب 9780674036079 (alk. paper)
035 ## - رقم ضبط النظام
رقم ضبط النظام (OCoLC)ocn319493043
040 ## - مصدر الفهرسة
وكالة الفهرسة الأصلية DLC
وكالة النسخ DLC
وكالة التعديل BTCTA
-- UKM
-- C#P
-- YDXCP
-- BWX
-- CDX
-- SZR
-- PAY
-- SNK
-- DLC
050 00 - رقم طلب مكتبة الكونجرس
رقم التصنيف QH91.8.D44
رقم المادة R49 2010
082 00 - رقم تصنيف ديوى العشرى
رقم التصنيف 578.779
رقم الطبعة 22
100 1# - المدخل الرئيسى - إسم شخصى
الإسم الشخصى Rex, Michael A.,
التواريخ المصاحبة للاسم 1946-
9 (RLIN) 10550
245 10 - بيان العنوان
العنوان Deep-sea biodiversity :
بقية العنوان pattern and scale /
بيان المسئوليه,etc Michael A. Rex, Ron J. Etter.
260 ## - PUBLICATION, DISTRIBUTION, ETC. (IMPRINT)
مكان الناشر او الموزع Cambridge, Mass. :
اسم الناشر او الموزع Harvard University Press,
تاريخ النشر أو التوزيع 2010.
300 ## - الوصف المادى
التعداد xii, 354 p., [16] p. of plates :
تفاصيل ماديه اخرى للوعاء ill. (some col.), maps (some col.) ;
أبعاد الوعاء 24 cm.
504 ## - تبصرة ببليوجرافية
تبصرة ببليوجرافية,الخ Includes bibliographical references and index.
505 0# - تبصرة محتويات-الفهرس
تبصرة المحتويات المصاغة Setting the stage: patterns of benthic standing stock -- Local species diversity -- Regional patterns of alpha species diversity -- Oceanwide variation in alpha species diversity and long-term change -- Beta diversity along depth gradients -- Evolutionary processes in the deep sea -- Summary.
520 1# - التبصرة الخاصة بالتعليق أو التلخيص
ملخص,الخ "Frigid, dark, and energy-deprived, the deep sea was long considered hostile to life. However, new sampling technologies and intense international research efforts in recent decades have revealed a remarkably rich fauna and an astonishing variety of novel habitats. These recent discoveries have changed the way we look at global biodiversity." "In Deep-Sea Biodiversity, Michael Rex and Ron Etter present the first synthesis of patterns and causes of biodiversity in organisms that dwell in the vast sediment ecosystem that blankets the ocean floor. They provide the most comprehensive analysis to date of geographic variation in benthic animal abundance and biomass. The authors document geographic patterns of deep-sea species diversity and integrate potential ecological causes across scales of time and space. They also review the most recent molecular population genetic evidence to describe how and where evolutionary processes have generated the unique deep-sea fauna. Deep-Sea Biodiversity offers a new understanding of marine biodiversity that will be of general interest to ecologists and is crucial to responsible exploitation of natural resources at the deep-sea floor."--BOOK JACKET.
650 #0 - المدخل الاضافى بالموضوع-مصطلح موضوعى
مصطلح موضوعي أو اسم جغرافي كعنصر مدخل Deep-sea biology.
9 (RLIN) 10551
650 #0 - المدخل الاضافى بالموضوع-مصطلح موضوعى
مصطلح موضوعي أو اسم جغرافي كعنصر مدخل Marine biodiversity.
9 (RLIN) 10552
700 1# - المدخل الاضافى - اسم شخصى
الإسم الشخصى Etter, Ron J.,
التواريخ المصاحبة للاسم 1955-
9 (RLIN) 10553
942 ## - عناصر المدخل الإضافي( كوها)
مصدر التصنيف او مخطط الترفيف Dewey Decimal Classification
Koha [default] item type كتاب
المقتنيات
حالة الفقد نموذج السعر الفعال حالة تلف ليس للاعارة رقم الطلب تاريخ الاكتساب الموقع الحالي الباركود الفرع الرئيسي Date last seen نوع المادة فى نظام كوها مصدر التصنيف او خطة الترفيف Total Checkouts
  2013-03-10     578.779 R M D 2012-04-10 مكتبة مجمع الطالبات بالمجمعة (EMF) 00076343 مكتبة مجمع الطالبات بالمجمعة (EMF) 2013-03-10 كتاب Dewey Decimal Classification  
  2013-03-10     578.779 R M D 2012-04-10 مكتبة مجمع الطالبات بالمجمعة (EMF) 00076341 مكتبة مجمع الطالبات بالمجمعة (EMF) 2013-03-10 كتاب Dewey Decimal Classification